000 00502nam a2200145 a 4500
008 120416s1964 ||||||||||||||||| || u
050 _aTA 357 Sab
100 _aSabersky, Rolf H
245 1 0 _aFluid flow
246 _aa first course in fluid mechanics
260 _aNew York
_bMacmillan
_c1964
300 _axvii, 393p. : ill
350 _a0.00
995 _D0.00
_FCBU-MAIN LIBRARY (Kitwe)
_H1
_I6.95
_M1
_UAVAILABLE
_ZAnnex Low-Usage Collection
999 _c43641
_d43641